000 00942nam a2200241 i 4500
001 171422
003 ES-MaACL
005 20250830062232.0
008 090514s1973 sp |||| | spa d
020 _a84-220-0408-9
100 1 _aGonzález Martín, Marcelo,
_d1918-2004
_9140601
245 1 0 _aCreo en la Iglesia
_b: renovación y felicidad /
_cpor Marcelo González Martín ; estudio introductorio de José María Sánchez de Muniain.
260 _aMadrid :
_bLa Editorial Católica,
_c1973.
300 _aXLVII, 503 p. ;
_c20 cm.
490 1 _aBiblioteca de autores cristianos ;
_v341
650 0 4 _aAño litúrgico.
_99903
650 4 _aRenovación de la Iglesia-
_yS.XX.
_9165802
650 0 7 _aTeología pastoral
_2embne
_917472
700 0 _aSánchez de Muniain y Gil, José María.
_9102590
830 0 0 _aBiblioteca de autores cristianos
_v341
_9178679
852 _aES-MaACL
_jJ-334
_9R.46092
999 _c171422
_d171422